| 000 | 00421nam a2200157 i 4500 | ||
|---|---|---|---|
| 001 | 115764 | ||
| 003 | ES-MaACL | ||
| 005 | 20230906190543.0 | ||
| 007 | t| | ||
| 008 | 070511s1977 sp ||||1| spa d | ||
| 110 | 2 |
_aUniversidad de Navarra. _97252 |
|
| 245 | 1 | 0 | _aApertura de curso 1977-78. |
| 260 |
_aPamplona : _bUniversidad de Navarra, _c[1977] |
||
| 300 |
_a84 p. ; _c27 cm. |
||
| 852 |
_aES-MaACL _jA-8002 _bR.97132 |
||
| 999 |
_c115764 _d115764 |
||